| 000 | 00403nam a2200157Ia 4500 | ||
|---|---|---|---|
| 003 | OSt | ||
| 005 | 20230531110410.0 | ||
| 008 | 211028s2013 xx 000 0 und d | ||
| 040 | _cAIMIT LIBRARY | ||
| 041 | _aeng | ||
| 100 |
_aShetty, Deeksha P; Santhosh, B. _98418 _e111907 |
||
| 110 |
_aSanthosh B _98419 |
||
| 245 | _aScenario analysis management. | ||
| 260 |
_aMangalore _c2013 |
||
| 942 |
_2ddc _cPRO |
||
| 999 |
_c219878 _d219878 |
||